Всадники Перна: роман: пер. с англ.

Bibliographic Details
Main Author: Маккефри Э. Энн
Language:Russian
Published: СПб., Северо-Запад, 1992-1994
Series:Fantasy
Format: Book
KOHA link:https://koha.lib.tpu.ru/cgi-bin/koha/opac-detail.pl?biblionumber=43003

MARC

LEADER 00000nam1a2200000 4500
001 43003
005 20231031015806.0
035 |a (RuTPU)RU\TPU\book\44400 
090 |a 43003 
100 |a 20020924d1992 m y0rusy50 ca 
101 1 |a rus  |c eng 
102 |a RU 
200 1 |a Всадники Перна  |e роман: пер. с англ.  |f Э. Маккефри 
210 |a СПб.  |c Северо-Запад  |d 1992-1994 
225 1 |a Fantasy 
700 1 |a Маккефри  |b Э.  |g Энн 
801 1 |a RU  |b 63413507  |c 20020924  |g PSBO 
801 2 |a RU  |b 63413507  |c 20120528  |g PSBO 
942 |c BK